00369pab a2200121 454500008004000000100002500040245009000065260000900155300001600164362001100180650002200191773003400213180718b2005 xxu||||| |||| 00| 0 eng d aParthasarathi, Ashok aRural industrialisation programme: looking at khadi and Village Industries Commission c2005 ap.4763-767. a29 Oct aIndustrialization aEconomic and Political Weekly